[Event "CRO-chT2 Ost"]
[Site "Croatia"]
[Date "2015.10.18"]
[Round "9.63"]
[White "Mesko, Andrej"]
[Black "Stocko, Josip"]
[Result "0-1"]
[WhiteElo "1988"]
[BlackElo "2312"]
[PlyCount "54"]
[EventDate "2015.04.25"]
[EventType "team-tourn"]
[EventRounds "11"]
[EventCountry "CRO"]
[SourceTitle "EXT 2016"]
[Source "ChessBase"]
[SourceDate "2015.10.08"]
[SourceVersion "1"]
[SourceVersionDate "2015.10.08"]
[SourceQuality "1"]

1. d4 Nf6 2. c4 e6 3. Nc3 Bb4 4. Qc2 d5 5. e3 0-0 6. a3 Be7 7. Bd3 b6 8. Nf3 Bb7 9. cxd5 exd5 10. 0-0 Nbd7 11. Re1 c5 12. a4 a6 13. Qe2 Re8 14. b3 Bd6 15. Bb2 Ne4 16. Bxe4 dxe4 17. Nd2 Qh4 18. Nf1 Re6 19. h3 Rg6 20. Kh1 cxd4 21. exd4 Nf6 22. Ba3 Bxa3 23. Rxa3 Nh5 24. Qe3 Re8 25. d5 f5 26. Qd4 Rxg2 27. Kxg2 Nf4+ 0-1

[Event "CRO-chT2 East"]
[Site "Croatia"]
[Date "2014.04.27"]
[Round "3.21"]
[White "Mesko, Andrej"]
[Black "Brkic, Ante"]
[Result "0-1"]
[WhiteElo "2001"]
[BlackElo "2562"]
[PlyCount "68"]
[EventDate "2014.04.26"]
[EventType "team-tourn"]
[EventRounds "11"]
[EventCountry "CRO"]
[SourceTitle "EXT 2019"]
[Source "ChessBase"]
[SourceDate "2018.10.10"]
[SourceVersion "1"]
[SourceVersionDate "2018.10.10"]
[SourceQuality "1"]

1. d4 d5 2. c4 e6 3. Nc3 Bb4 4. e3 Nf6 5. Bd3 0-0 6. Nf3 c5 7. 0-0 Nc6 8. a3 Bxc3 9. bxc3 Qc7 10. Qc2 Na5 11. cxd5 c4 12. Be2 exd5 13. Ne5 Re8 14. f3 Nd7 15. Nxd7 Bxd7 16. e4 f6 17. Be3 Bf5 18. exf5 Rxe3 19. f4 Nb3 20. Rad1 Rae8 21. Bh5 R8e7 22. Bf3 Qa5 23. Qb2 Kf8 24. Kf2 Qxc3 25. Qxc3 Rxc3 26. Bxd5 Rc2+ 27. Kg1 Nd2 28. Rf2 c3 29. Be6 Rc7 30. g4 Rb2 31. Kg2 Ne4 32. Rxb2 cxb2 33. Rb1 Rc2+ 34. Kh3 Nc3 0-1

[Event "CRO-chT2 East"]
[Site "Osijek"]
[Date "2013.10.12"]
[Round "7.25"]
[White "Mesko, Andrej"]
[Black "Pekarik, Branko"]
[Result "0-1"]
[WhiteElo "2026"]
[BlackElo "2006"]
[PlyCount "106"]
[EventDate "2013.04.20"]
[EventType "team-tourn"]
[EventRounds "11"]
[EventCountry "CRO"]
[SourceTitle "EXT 2023"]
[Source "ChessBase"]
[SourceDate "2022.10.05"]
[SourceVersion "1"]
[SourceVersionDate "2022.10.05"]
[SourceQuality "1"]

1. d4 d5 2. c4 c6 3. Nf3 Nf6 4. e3 e6 5. Nc3 Bd6 6. Bd3 Nbd7 7. 0-0 0-0 8. Re1 dxc4 9. Bxc4 e5 10. e4 exd4 11. Qxd4 Bc5 12. Qd1 Ng4 13. Be3 Bxe3 14. fxe3 Nde5 15. Qxd8 Rxd8 16. Rad1 Bd7 17. Bb3 Be6 18. Bxe6 fxe6 19. h3 Nxf3+ 20. gxf3 Ne5 21. Kg2 Kf7 22. f4 Nc4 23. b3 Rxd1 24. Nxd1 Nd2 25. Nc3 Rd8 26. Kf2 Rd3 27. Ke2 Rxc3 28. Kxd2 Rc5 29. e5 Rd5+ 30. Ke2 Ra5 31. Ra1 g5 32. Kf3 Kg6 33. b4 Ra3 34. Rg1 Rxa2 35. Rxg5+ Kf7 36. Rg1 Rb2 37. Ra1 a6 38. Ra4 Rb3 39. h4 Kg6 40. Ra1 Rxb4 41. Rg1+ Kf7 42. h5 a5 43. h6 a4 44. Rg7+ Kf8 45. Rxh7 a3 46. Rd7 Kg8 47. f5 a2 48. f6 a1Q 49. h7+ Kh8 50. f7 Qf1+ 51. Kg3 Qg1+ 52. Kh3 Qg4+ 53. Kh2 Rb2+ 0-1

[Event "Osijek Baranja CupT 5th"]
[Site "Nasice"]
[Date "2012.03.10"]
[Round "3.2"]
[White "Mesko, Andrej"]
[Black "Sulc, Damir"]
[Result "1/2-1/2"]
[WhiteElo "2021"]
[BlackElo "2253"]
[PlyCount "47"]
[EventDate "2012.03.09"]
[EventType "team-swiss"]
[EventRounds "5"]
[EventCountry "CRO"]
[SourceTitle "EXT 2014"]
[Source "ChessBase"]
[SourceDate "2013.11.20"]
[SourceVersion "1"]
[SourceVersionDate "2013.11.20"]
[SourceQuality "1"]

1. d4 Nf6 2. c4 e6 3. Nc3 Bb4 4. e3 0-0 5. Nge2 d5 6. a3 Be7 7. Ng3 c5 8. dxc5 dxc4 9. Qxd8 Rxd8 10. Nge4 Nxe4 11. Nxe4 Nd7 12. Bxc4 Nxc5 13. Nxc5 Bxc5 14. b4 Be7 15. Bb2 Bd7 16. Rd1 Rac8 17. Bb3 Bb5 18. Rxd8+ Rxd8 19. h4 Bf6 20. Bxf6 gxf6 21. Bc2 f5 22. e4 f4 23. Rh3 Kf8 24. Rc3 1/2-1/2

[Event "Osijek-ch op"]
[Site "Osijek"]
[Date "2011.02.26"]
[Round "6"]
[White "Cajzler, Hinko"]
[Black "Mesko, Andrej"]
[Result "1-0"]
[WhiteElo "2213"]
[BlackElo "2042"]
[PlyCount "61"]
[EventDate "2011.02.24"]
[EventType "swiss"]
[EventRounds "7"]
[EventCountry "CRO"]
[SourceTitle "EXT 2012"]
[Source "ChessBase"]
[SourceDate "2011.11.24"]
[SourceVersion "1"]
[SourceVersionDate "2011.11.24"]
[SourceQuality "1"]

1. e4 c6 2. d4 d5 3. Nc3 dxe4 4. Nxe4 Nf6 5. Nxf6+ gxf6 6. c3 Bf5 7. Ne2 e6 8. Ng3 Bg6 9. h4 h6 10. h5 Bh7 11. Bd3 Nd7 12. Bxh7 Rxh7 13. Qc2 Rh8 14. Be3 Nb6 15. c4 Bb4+ 16. Kf1 Be7 17. a4 a5 18. Rd1 Qc7 19. Ne2 Rd8 20. Bf4 Qc8 21. Qb3 Bb4 22. Rh3 c5 23. dxc5 Rxd1+ 24. Qxd1 Bxc5 25. b3 e5 26. Be3 Ke7 27. Bxc5+ Qxc5 28. Rd3 Rg8 29. Ng3 Qc6 30. Nf5+ Ke6 31. Rd6+ 1-0

[Event "Osijek-ch op"]
[Site "Osijek"]
[Date "2011.02.25"]
[Round "4"]
[White "Mesko, Andrej"]
[Black "Miletic, Josip"]
[Result "1-0"]
[WhiteElo "2042"]
[BlackElo "2272"]
[PlyCount "59"]
[EventDate "2011.02.24"]
[EventType "swiss"]
[EventRounds "7"]
[EventCountry "CRO"]
[SourceTitle "EXT 2012"]
[Source "ChessBase"]
[SourceDate "2011.11.24"]
[SourceVersion "1"]
[SourceVersionDate "2011.11.24"]
[SourceQuality "1"]

1. d4 Nf6 2. c4 e5 3. dxe5 Ng4 4. Nf3 Bc5 5. e3 Nc6 6. Nc3 Ngxe5 7. Nxe5 Nxe5 8. Be2 0-0 9. 0-0 d6 10. Na4 Bb6 11. b4 Bd7 12. Nxb6 axb6 13. Bb2 Qh4 14. Bxe5 Bc6 15. Qd4 Qg5 16. Bg3 h5 17. Qh4 Qg6 18. Rfd1 Qc2 19. Bd3 Qb2 20. b5 Bd7 21. Qxh5 g6 22. Qe2 Qf6 23. a4 Kg7 24. Qf3 Qc3 25. Qxb7 Rfc8 26. Qd5 Qb3 27. Qd4+ Kg8 28. Bh4 Rxa4 29. Bf6 Rca8 30. Qh4 1-0

[Event "CRO-Cup 19th"]
[Site "Sibenik"]
[Date "2010.05.22"]
[Round "5"]
[White "Mesko, Andrej"]
[Black "Jovanovic, Zoran"]
[Result "0-1"]
[WhiteElo "2030"]
[BlackElo "2526"]
[PlyCount "74"]
[EventDate "2010.05.19"]
[EventType "team-tourn"]
[EventRounds "6"]
[EventCountry "CRO"]
[SourceTitle "CBM 136 Extra"]
[Source "ChessBase"]
[SourceDate "2010.07.02"]
[SourceVersion "2"]
[SourceVersionDate "2010.07.15"]
[SourceQuality "1"]

1. d4 d6 2. c4 e5 3. dxe5 dxe5 4. Qxd8+ Kxd8 5. Nc3 Be6 6. e4 c6 7. Nf3 f6 8. Bd2 Nd7 9. 0-0-0 Bc5 10. Be1 Kc7 11. Na4 Be7 12. Bd3 Nh6 13. h3 Rhd8 14. Bd2 Nf7 15. Be3 a6 16. b3 b5 17. Nb2 Bc5 18. Rhe1 Nd6 19. Nd2 Rdb8 20. Bxc5 Nxc5 21. Bf1 Bf7 22. Kc2 Ne6 23. Nf3 Bg6 24. Bd3 Rd8 25. Nh4 Bf7 26. Nf5 Nb7 27. Ne3 Nbc5 28. f3 b4 29. Bf1 a5 30. Nd3 a4 31. Nxc5 Nxc5 32. Rxd8 Kxd8 33. Kb2 axb3 34. axb3 Ra3 35. Rd1+ Kc7 36. Nf5 Rxb3+ 37. Ka2 Ra3+ 0-1

[Event "CRO-Cup 19th"]
[Site "Sibenik"]
[Date "2010.05.20"]
[Round "3"]
[White "Draganic, Stjepan"]
[Black "Mesko, Andrej"]
[Result "1-0"]
[WhiteElo "2162"]
[BlackElo "2030"]
[PlyCount "83"]
[EventDate "2010.05.19"]
[EventType "team-tourn"]
[EventRounds "6"]
[EventCountry "CRO"]
[SourceTitle "CBM 136 Extra"]
[Source "ChessBase"]
[SourceDate "2010.07.02"]
[SourceVersion "2"]
[SourceVersionDate "2010.07.15"]
[SourceQuality "1"]

1. d4 Nf6 2. Bf4 d5 3. e3 e6 4. Nf3 Bd6 5. Bg3 c5 6. c3 Nc6 7. Nbd2 0-0 8. Be2 Qe7 9. Ne5 Nd7 10. Nxc6 bxc6 11. Qa4 Bb7 12. Qa5 e5 13. dxe5 Nxe5 14. Bxe5 Bxe5 15. Nf3 Bc7 16. Qa4 c4 17. b3 cxb3 18. axb3 Bb6 19. Qh4 Rfe8 20. Qxe7 Rxe7 21. Ba6 c5 22. Bxb7 Rxb7 23. Kd2 Rd8 24. Kc2 a5 25. Rhd1 Rbd7 26. Rd2 Kf8 27. Rad1 Ke7 28. c4 d4 29. exd4 cxd4 30. Ne5 Rc7 31. Ra1 Rc5 32. Nd3 Rh5 33. h3 Rf5 34. Re1+ Kd6 35. Rde2 Rd7 36. f4 h5 37. Re5 Rxe5 38. Rxe5 Kc6 39. Rxh5 Re7 40. Re5 Ra7 41. Kb2 f6 42. Re6+ 1-0

[Event "CRO-chT2c"]
[Site "Croatia"]
[Date "2009.04.04"]
[Round "2"]
[White "Zubak, Zeljko"]
[Black "Mesko, Andrej"]
[Result "1/2-1/2"]
[WhiteElo "1972"]
[BlackElo "2039"]
[PlyCount "59"]
[EventDate "2009.04.04"]
[EventType "team-tourn"]
[EventRounds "11"]
[EventCountry "CRO"]
[SourceTitle "EXT 2010"]
[Source "ChessBase"]
[SourceDate "2010.11.25"]
[SourceVersion "1"]
[SourceVersionDate "2010.11.25"]
[SourceQuality "1"]

1. d4 Nf6 2. c4 e6 3. Nf3 d5 4. Nc3 Bb4 5. a3 Bxc3+ 6. bxc3 c5 7. e3 Nc6 8. Bd3 0-0 9. 0-0 b6 10. cxd5 exd5 11. a4 Bg4 12. Ba3 Nd7 13. e4 dxe4 14. Bxe4 Rc8 15. Qd3 h6 16. h3 Bxf3 17. Qxf3 Na5 18. Rad1 Qc7 19. Qf5 Nf6 20. Bb1 Qc6 21. Bc1 Qd5 22. Qd3 cxd4 23. cxd4 Rfd8 24. Bf4 Qc4 25. Qf5 Qe6 26. Qxe6 fxe6 27. Rfe1 Rc4 28. Rxe6 Rcxd4 29. Rxd4 Rxd4 30. Ba2 1/2-1/2

[Event "CRO-ch U19"]
[Site "Rabac"]
[Date "2003.??.??"]
[Round "9"]
[White "Juranic, Bruno"]
[Black "Mesko, Andrej"]
[Result "1-0"]
[WhiteElo "2019"]
[BlackElo "2068"]
[PlyCount "91"]
[EventDate "2003.??.??"]
[EventType "swiss"]
[EventRounds "9"]
[EventCountry "CRO"]
[SourceTitle "EXT 2005"]
[Source "ChessBase"]
[SourceDate "2004.11.15"]
[SourceVersion "1"]
[SourceVersionDate "2004.11.15"]
[SourceQuality "1"]

1. e4 e6 2. Nc3 d5 3. Nf3 Nf6 4. e5 Nfd7 5. d4 c5 6. dxc5 Bxc5 7. Bd3 Nc6 8. Bf4 a6 9. 0-0 Qc7 10. Qe2 Nb6 11. Ng5 g6 12. Bg3 h6 13. Nf3 Nd4 14. Nxd4 Bxd4 15. Nd1 Nc4 16. Bxc4 Qxc4 17. Qd2 Bb6 18. c3 Bd7 19. Ne3 Qe4 20. Rfe1 Qa4 21. Qe2 Rc8 22. Ng4 Bd8 23. Nf6+ Kf8 24. Red1 Bb5 25. Qd2 Qc4 26. Bf4 g5 27. Be3 Qe2 28. Qc1 Qc4 29. Bd4 Qc7 30. Qe3 Kg7 31. a4 Bc6 32. f4 Bxf6 33. exf6+ Kf8 34. fxg5 hxg5 35. Be5 Qd7 36. Qxg5 Rg8 37. Qh4 Ke8 38. Rd4 Kd8 39. Qf4 b5 40. a5 Ra8 41. Rf1 Kc8 42. Rf3 Kb7 43. Rg3 Qe8 44. Rg7 Rh8 45. Qg5 Rd8 46. h4 1-0